Acute oral toxicity of Celtis iguanaea (Jacq.) Sargent leaf extract (Ulmaceae) in rats and mice (Registro n. 300256)
[ somente texto ]
| 000 -LÍDER | |
|---|---|
| fixed length control field | 04227nab a2200289 i 4500 |
| 003 - CÓDIGO MARC DA AGÊNCIA CATALOGADORA | |
| Campo de controle | BR-BrBNA |
| 005 - DATA E HORA DA ÚLTIMA ATUALIZAÇÃO | |
| Campo de controle | 20240627093853.0 |
| 008 - CAMPO DE TAMANHO FIXO | |
| fixed length control field | 240627b2015 bl.qr|pooa||| 00| 0 eng | |
| 040 ## - FONTE DA CATALOGAÇÃO | |
| Agência catalogadora | BR-BrBNA |
| Idioma da catalogação | eng |
| 072 ## - CATEGORIA AGRIS | |
| Código AGRIS | F60 |
| 100 ## - ENTRADA PRINCIPAL - NOME PESSOAL | |
| Nome pessoal | Gonçalves, N.Z. |
| 100 ## - ENTRADA PRINCIPAL - NOME PESSOAL | |
| Nome pessoal | Lino Júnior, R.S. |
| 100 ## - ENTRADA PRINCIPAL - NOME PESSOAL | |
| Nome pessoal | Rodrigues, C.R. |
| 100 ## - ENTRADA PRINCIPAL - NOME PESSOAL | |
| Nome pessoal | Rodrigues, A.R. |
| 100 ## - ENTRADA PRINCIPAL - NOME PESSOAL | |
| Nome pessoal | Cunha, L.C. |
| 245 ## - TÍTULO PRINCIPAL | |
| Título principal | Acute oral toxicity of Celtis iguanaea (Jacq.) Sargent leaf extract (Ulmaceae) in rats and mice |
| 500 ## - NOTA GERAL | |
| Nota geral | Publicação on-line; 19 ref.; 5 tables; 2 illus.; Summaries (En, Pt) |
| 942 ## - ADDED ENTRY ELEMENTS (KOHA) | |
| Koha item type | |
| 520 ## - NOTA DE RESUMO | |
| Nota de conteúdo | <br/><br/>ABSTRACT: <br/><br/>Celtis iguanaea (Jacq.) Sargent is popularly used to treat urinary infections,<br/>kidneys, breast, body aches, rheumatism, asthma, cramps, poor digestion and as a diuretic<br/>medicine. This study aims to determine the acute toxicity of the aqueous leaf extract of Celtis<br/>iguanaea (Jacq.) Sargent in rodents. After the collection processes, identification, drying and<br/>grinding, the lyophilized powder of the leaves produced, by infusion, the aqueous extract and<br/>it was dissolved in saline 0.9%. The administration was made by gavage at a dose of 2000 mg<br/>kg-1 to rats and mice of both genders. The oral toxicity was determined according to the OECD<br/>423 guide. Signs of toxicity were observed for 15 days and classified from 0 to 4 respectively<br/>as missing, rare, mild, moderate and severe. The weight of the animals and the physiological<br/>parameters such as food intake and excrements production were observed. All animal tissue<br/>samples were collected for histological analysis. The extract was included in Type 5 (substance<br/>with LD50 higher than 2000 mg kg-1 and less than 5000 mg kg-1), being considered of low toxicity,<br/>but the histopathologycal findings suggested nephrotoxicity and cardiotoxicity. The absolute<br/>weight of the kidneys and the heart of the male rats and mice increased, but there was no<br/>significant raise in the relative weight of the animals’ organs.<br/><br/>Keywords: medicinal plants, Celtis iguanaea, acute oral toxicity. |
| 520 ## - NOTA DE RESUMO | |
| Nota de conteúdo | <br/><br/>RESUMO: <br/><br/>Toxicidade oral aguda do extrato de folhas de Celtis iguanaea (Jacq.) Sargent<br/>em ratos e camundongos. Celtis iguanaea (Jacq.) Sargent é uma planta usada popularmente<br/>para tratar infecções do trato urinário, rim, mama, dores no corpo, reumatismo, asma, cólicas,<br/>má digestão e também é usada como diurético. Este trabalho objetivou determinar a toxicidade<br/>aguda do extrato aquoso de folhas de Celtis iguanaea (Jacq.) Sargent em roedores. Após os<br/>processos de coleta, identificação, secagem e moagem, o pó liofilizado das folhas da planta foi<br/>utilizado para produzir o seu extrato aquoso por infusão e então dissolvido em solução salina a<br/>0.9 %. A administração foi feita por gavagem na dose de 2000 mg kg-1 em ratos e camundongos<br/>de ambos os sexos. A toxicidade oral foi determinada de acordo com o guia 423 da OECD.<br/>Sinais de toxicidade foram observados por 15 dias e tabulados de 0 a 4, respectivamente, como<br/>ausentes, raros, leves, moderados e graves. Foi acompanhado o peso dos animais e parâmetros<br/>fisiológicos tais como alimentação e excreções. Amostras do tecido de todo o animal foram<br/>coletadas para análise histológica. A toxicidade encontrada para o extrato foi incluída na classe<br/>5 (substâncias com DL50 superior a 2000 mg kg-1 e menor que 5000 mg kg-1) sendo considerada<br/>baixa, porém, as observações histopatológicas sugerem nefrotoxicidade e cardiotoxicidade.<br/>O peso absoluto dos rins e coração de ratos e camundongos machos aumentou, porém, não<br/>houve aumento significativo no peso relativo dos órgãos dos animais.<br/><br/>Palavras-chave: plantas medicinais, Celtis iguanaea, toxicidade oral aguda |
| 650 ## - ASSUNTO - THESAGRO | |
| Cabeçalho tópico ou nome geográfico | PLANTA MEDICINAL |
| 650 ## - ASSUNTO - THESAGRO | |
| Cabeçalho tópico ou nome geográfico | TOXIDEZ |
| 650 ## - ASSUNTO - THESAGRO | |
| Cabeçalho tópico ou nome geográfico | EXTRATO |
| 773 0# - ENTRADA ANALÍTICA | |
| Host Biblionumber | 3543 |
| Registro do item | 316142 |
| Imprenta | Botucatu-SP Instituto de Biociências - Departamento de Química e Bioquímica 1998 |
| Outro identificador | 2024-2525 |
| Título | Revista Brasileira de Plantas Medicinais (Brazil) |
| ISSN | 1516-0572 |
| Colação | v. 17(4 suppl. 3) p. 1118-1124; (2015) |
| Número de controle de registro | BR2024001447 |
| 856 ## - ACESSO E ENDEREÇO ELETRÔNICO | |
| Identificador uniforme de recurso - URI | https://www.scielo.br/j/rbpm/a/ZkVqhYNjGy5Kn8jbqRWNZ4s/?format=pdf&lang=en |
Nenhum exemplar disponível.

BINAGRI